| 000 | 00850nam a2200253 i 4500 | ||
|---|---|---|---|
| 001 | 15998 | ||
| 003 | ES-MaACL | ||
| 005 | 20230906151225.0 | ||
| 007 | t| | ||
| 008 | 000530s1998 sp ||||0| spa j | ||
| 020 | _a84-7846-696-7 | ||
| 040 |
_aM-BN _bspa _cM-BN |
||
| 080 | _a929 Macías Picavea, Ricardo | ||
| 100 | 1 |
_aHermida de Blas, Fernando. _962756 |
|
| 245 | 1 | 0 |
_aRicardo Macías Picavea a través de su obra / _cFernando Hermida de Blas. |
| 260 |
_a[Valladolid] : _bConsejería de Educación y Cultura, _c1998. |
||
| 300 |
_a238 p. : _bil. ; _c24 cm. |
||
| 490 | 1 | _aVillalar 98. Serie maior | |
| 600 | 1 | 4 |
_aMacías Picavea, Ricardo. _975221 |
| 710 | 1 |
_aCastilla y León. _bConsejería de Educación y Cultura. _92500 |
|
| 830 | 0 |
_aVillalar 98. Serie maior _9179834 |
|
| 852 |
_aES-MaACL _jL-23158 _bR.128233 |
||
| 999 |
_c15998 _d15998 |
||